| 000 | 01447nam a22002057a 4500 | ||
|---|---|---|---|
| 999 |
_c61345 _d61345 |
||
| 003 | Ge_BSU | ||
| 005 | 20240219163508.0 | ||
| 008 | 240219s2005 ge ||||| |||| 00| 0 geo d | ||
| 020 | _a15122166 | ||
| 041 | _ageo | ||
| 080 | _a378(061) შ-81 | ||
| 245 |
_aშრომები : _bტ. VII. ჰუმანიტარულ მეცნიერებათა სერია / _cრედ. მამია ფაღავა; საქართველოს განათლებისა და მეცნიერების სამინისტრო. ბათუმის შოთა რუსთაველის სახელობის სახელმწიფო უნივერსიტეტი. |
||
| 264 |
_aბათუმი : _bბათუმის უნივერსიტეტი, _c2005. |
||
| 300 |
_a252 გვ.; _b27 სმ. |
||
| 653 | _aშრომები | ||
| 653 | _aჰუმანიტარულ მეცნიერებათა სერია | ||
| 700 |
_aფაღავა, მამია _eრედაქტორი _921256 |
||
| 710 |
_aსაქართველოს განათლებისა მეცნიერების სამინისტრო _bბათუმის შოთა რუსთაველის სახელობის სახელმწიფო უნივერსიტეტი. _921257 |
||
| 942 |
_2udc _cSHR |
||